[Event "ISR-chT 2018"]
[Site "Israel"]
[Date "2018.01.19"]
[Round "3"]
[White "Frenkel, Ran"]
[Black "Drori, Saar"]
[Result "0-1"]
[WhiteElo "2189"]
[BlackElo "2380"]
[Annotator "NA"]
[PlyCount "58"]
[EventDate "2018.??.??"]
[EventType "team-tourn"]
[EventCountry "ISR"]
[SourceTitle "playchess.com"]
[Source "ChessBase"]
[SourceQuality "1"]
[TimeControl "40/5400+30:1800+30"]

1. d4 {[%emt 0:00:00]} Nf6 {[%emt 0:00:08]} 2. c4 {[%emt 0:00:00]} g6 {[%emt 0:00:12]} 3. Nc3 {[%emt 0:00:00]} d5 {[%emt 0:00:04]} 4. cxd5 {[%emt 0:00:00]} Nxd5 {[%emt 0:00:06]} 5. e4 {[%emt 0:00:00]} Nxc3 {[%emt 0:00:09]} 6. bxc3 {[%emt 0:00:00]} Bg7 {[%emt 0:00:09]} 7. Nf3 {[%emt 0:00:00]} c5 {[%emt 0:00:05]} 8. Rb1 {[%emt 0:00:00]} O-O {[%emt 0:01:09]} 9. Be2 {[%emt 0:00:08]} cxd4 {[%emt 0:00:51]} 10. cxd4 {[%emt 0:00:17]} Qa5+ {[%emt 0:00:11]} 11. Qd2 {[%emt 0:00:17]} Qxd2+ {[%emt 0:03:50]} 12. Bxd2 {[%emt 0:00:06]} b6 {[%emt 0:03:54]} 13. O-O {[%emt 0:02:56]} Bb7 {[%emt 0:00:30]} 14. d5 {[%emt 0:00:56]} Ba6 {[%emt 0:13:44]} 15. Bxa6 {[%emt 0:04:44]} Nxa6 {[%emt 0:00:08]} 16. Bg5 {[%emt 0:10:20]} f6 {[%emt 0:06:55]} 17. Be3 {[%emt 0:01:24]} f5 {[%emt 0:02:12] LiveBook: 12 Games} 18. Ng5 $11 {[%emt 0:21:15]} fxe4 {[%emt 0:05:03]} 19. Ne6 {[%emt 0:26:09]} Rfc8 {[%emt 0:11:24]} 20. Rfc1 {[%emt 0:10:41]} Be5 {[%emt 0:07:53]} 21. Bg5 {[%emt 0:16:19]} Bd6 {[%emt 0:03:06]} 22. Re1 {[%emt 0:02:24]} Nb4 {[%emt 0:00:31]} 23. Rxe4 {[%emt 0:01:52]} Nxa2 {[%emt 0:03:52]} 24. Rbe1 {[%emt 0:00:35]} Nc3 {[%emt 0:00:19]} 25. Rd4 {[%emt 0:00:17]} a5 {[%emt 0:00:48]} 26. h4 {[%emt 0:01:40]} a4 {[%emt 0:00:08]} 27. Nf4 {[%emt 0:00:12]} a3 {[%emt 0:00:18]} 28. Nd3 {[%emt 0:00:51]} a2 {[%emt 0:00:11]} 29. Ra1 {[%emt 0:00:07]} Ne2+ {[%emt 0:00:05]} 0-1

[Event "ISR-chT 2018"]
[Site "Israel"]
[Date "2018.01.19"]
[Round "3"]
[White "Lukin, Elisha"]
[Black "Bar, Roman"]
[Result "0-1"]
[WhiteElo "2133"]
[BlackElo "2485"]
[Annotator "TA"]
[PlyCount "110"]
[EventDate "2018.??.??"]
[EventType "team-tourn"]
[EventCountry "ISR"]
[SourceTitle "playchess.com"]
[Source "ChessBase"]
[SourceQuality "1"]

{[%evp 25,110,15,16,0,0,0,23,-20,-25,-25,-9,-52,25,-39,-33,-40,-33,-36,-27,-20,-30,-39,-36,-33,-29,-30,0,-46,0,-91,-92,-90,-91,-95,-97,-120,-109,-112,-89,-122,0,-122,-121,-208,-145,-164,-149,-209,-214,-274,-189,-223,-210,-248,0,-235,0,-225,-222,-269,-267,-264,-264,-264,-262,-260,-262,-241,0,-214,-227,-407,-407,-393,-381,-4806,-4132,-29969,-29968,-29984,-29985,-29984,-6576,-29995,-1297,-29996,-1023]} 1. d4 Nf6 2. c4 e6 3. Nc3 Bb4 4. Nf3 b6 5. e3 Bb7 6. Bd3 c5 7. O-O O-O 8. Na4 cxd4 9. exd4 Re8 10. Bg5 {E43: Nimzo-Indian: Rubinstein: 4...b6} (10. a3 Bf8 11. Bf4 Bxf3 12. Qxf3 Nc6 13. Be5 Rc8 14. Rfd1 d6 15. Bxf6 Qxf6 16. Qxf6 gxf6 17. Bf1 f5 18. Rab1 Bg7 {½-½ (30) Sadler,M (2685)-Howell,D (2676) London 2017}) 10... h6 11. Bh4 Be7 12. Nc3 d6 13. Re1 Nbd7 {[#] LiveBook: 3 Games} 14. a4 $146 ({Find the theoretical novelty and annotate with similar games:} 14. Qe2 Nh5 15. Bxe7 Qxe7 16. Be4 Bxe4 17. Qxe4 Nhf6 {½-½ (89) Vaisser,A (2533)-Bratanov,Z (2465) Mulhouse 2011}) 14... Rc8 15. Nd2 d5 16. Bg3 (16. a5 $5) 16... Nb8 {[%cal Bd7b8,Bb8c6,Bc6b4][%mdl 32]} 17. a5 Nc6 18. a6 Bxa6 (18... Ba8 $15) 19. Rxa6 (19. cxd5 $1 $11 Bxd3 20. dxc6) 19... Nb4 $15 20. Nf3 {[#] Hoping for cxd5!} dxc4 21. Bxc4 Rxc4 22. Rxa7 Nc6 23. Ne5 {Black must now prevent Rxe7.} Nxa7 24. Nxc4 b5 25. Ne5 Qb6 26. Ne4 Rd8 27. Nxf6+ (27. Qf3 $11 {remains equal.} Rxd4 28. h3) 27... Bxf6 $17 28. Qh5 Bxe5 29. dxe5 Nc6 30. h3 Qd4 31. Qf3 Qd5 32. Qg4 Qd4 33. Qf3 $1 {[%cal Rf3c6]} Ne7 34. Kh2 (34. Qb3 $17) 34... Nf5 35. b3 Qd3 36. Qb7 (36. Qxd3 $17 {might work better.} Rxd3 37. b4) 36... Qxb3 $19 37. Ra1 Qd5 38. Qc7 Rd7 39. Qb8+ Rd8 40. Qc7 $1 Rd7 $2 $40 {[%mdl 128] Black has some attack.} ({Black should try} 40... Ra8 $19 41. Rc1 b4) 41. Qc8+ $2 {[#]} (41. Qb8+ $1 $11 {and White has nothing to worry.} Kh7 42. Rb1) 41... Kh7 $1 ({Much less strong is} 41... Rd8 42. Qc7) 42. Ra8 Kg6 43. Rb8 Nxg3 44. fxg3 Qxe5 {[%mdl 4096] Endgame ...Rd3 is the strong threat. KQR-KQR} 45. Qc2+ Kf6 46. Qf2+ Kg6 47. Qc2+ f5 48. Rb6 $2 (48. Re8) 48... Kh7 49. Qb3 Rd5 50. h4 $2 (50. Rc6) 50... Qe1 51. Rxb5 Rd1 {[%csl Gd1][%cal Re1h1]} 52. g4 Qg1+ 53. Kg3 Re1 (53... Rf1 $142 54. gxf5 Rf2 55. Qf3 Rxf3+ 56. Kxf3 Qf1+ 57. Kg4 Qxb5 58. fxe6 h5+ 59. Kf4 Kg6 60. Ke3 Qb3+ 61. Kd2 Qxe6 62. Kd3 Qd5+ 63. Kc2 Qxg2+ 64. Kb3 Qe4 65. Kc3 Qxh4 66. Kd3 Qg3+ 67. Kc4 h4 68. Kd4 h3 69. Kc5 h2 70. Kb6 h1=Q 71. Kc5 Qc3+ 72. Kb6 Qcc6+ 73. Ka7 Qb7#) 54. Qc2 Re3+ 55. Kf4 Re4+ {Precision: White = 34%, Black = 62%.} (55... Qe1 $142 56. Qxf5+ exf5 57. Rb2 Qg3+ 58. Kxf5 Qe5#) 0-1

[Event "ISR-chT 2018"]
[Site "Israel"]
[Date "2018.02.09"]
[Round "5"]
[White "Rodshtein, Maxim"]
[Black "Baron, Tal"]
[Result "1-0"]
[WhiteElo "2689"]
[BlackElo "2554"]
[Annotator "TA"]
[PlyCount "83"]
[EventDate "2018.??.??"]
[EventType "team-tourn"]
[EventCountry "ISR"]
[SourceTitle "playchess.com"]
[Source "ChessBase"]
[SourceQuality "1"]

{[%evp 9,83,0,25,29,31,25,27,4,19,14,11,7,18,12,29,23,50,22,28,29,29,21,83,96,87,95,98,97,95,98,108,88,164,125,274,276,291,290,283,291,283,280,268,265,252,108,97,0,252,131,114,120,115,129,275,268,277,281,308,298,428,408,407,398,653,643,640,639,629,617,593,577,766,750,766,762]} 1. d4 Nf6 2. Nf3 d5 3. c4 e6 4. g3 Bb4+ 5. Bd2 Bd6 6. Bg2 {E01: Catalan: Early deviations} c6 7. Nc3 Nbd7 8. Qb3 {White has an edge.} O-O 9. O-O Qe7 10. Rad1 dxc4 11. Qxc4 e5 12. Qb3 Re8 13. Bg5 $146 exd4 14. Nxd4 Nc5 15. Qc2 h6 {[#]} (15... Be5 $11 {keeps the balance.}) 16. Bxf6 $1 $16 Qxf6 17. b4 {[%cal Bb2b4,Bb4b5][%mdl 32]} Na6 18. Ne4 Qg6 19. Nxd6 Qxd6 20. Nxc6 Qf6 (20... Qf8 $16) 21. b5 $36 {[%mdl 2048] Black is under strong pressure.} bxc6 (21... Bf5 $16 {keeps fighting.} 22. e4 Bg6) 22. Qxc6 $18 ({Less strong is} 22. bxa6 Bxa6 23. Qxc6 Rad8 $14) 22... Qxc6 23. Bxc6 Nc7 24. Bxe8 Nxe8 25. Rd8 Kf8 26. Rc1 Bb7 27. Rd7 (27. Rxa8 $18 {and the rest is easy.} Bxa8 28. Rc4) 27... Bc8 $16 28. Rd8 $2 (28. Rdd1 $16) 28... Bb7 $18 29. Rd4 ({White must play} 29. Rxa8 $18 Bxa8 30. f3) 29... Ke7 $16 30. e4 {[%cal Be2e4,Be4e5][%mdl 32]} a6 31. b6 Rd8 (31... g5 $16 {might work better.} 32. f3 Ke6) 32. Rxd8 $18 Kxd8 33. e5 Kd7 34. f4 g6 (34... f6 $142 35. Kf2 Ke6) 35. g4 {[%cal Bg3g4,Bg4f5][%mdl 32]} Ke6 36. Rd1 Ke7 $2 (36... Bc6 37. Rd8 Ke7) 37. f5 {White is clearly winning.} gxf5 38. gxf5 f6 39. e6 {[#] Intending Rd7+ and mate.} Nd6 40. Rc1 {And now Rc7+ would win.} Ne8 41. Kf2 Kd6 42. Rd1+ {Precision: White = 68%, Black = 41%.} 1-0

[Event "ISR-chT 2018"]
[Site "Israel"]
[Date "2018.02.09"]
[Round "5"]
[White "Nabaty, Tamir"]
[Black "Bykhovsky, Avigdor"]
[Result "1-0"]
[WhiteElo "2670"]
[BlackElo "2421"]
[Annotator "TA"]
[PlyCount "69"]
[EventDate "2018.??.??"]
[EventType "team-tourn"]
[EventCountry "ISR"]
[SourceTitle "playchess.com"]
[Source "ChessBase"]
[SourceQuality "1"]

{[%evp 17,69,10,15,12,10,11,14,5,20,11,12,18,32,24,34,13,25,0,25,15,35,23,35,26,24,22,16,8,24,14,59,62,60,54,37,38,50,61,129,130,131,143,140,139,225,224,217,201,262,260,261,258,282,230]} 1. d4 d5 2. Nf3 Nf6 3. Bf4 e6 4. e3 c5 5. Nbd2 Nc6 6. c3 Be7 7. h3 Bd6 {D02: 1 d4 d5 2 Nf3 sidelines, including 2...Nf6 3 g3 and 2...Nf6 3 Bf4} 8. dxc5 (8. Bxd6 Qxd6 9. Bb5 O-O 10. O-O Ne7 11. Bd3 Nc6 12. Bb5 Ne7 13. Bd3 Nc6 14. Re1 b6 15. e4 dxe4 16. Nxe4 Nxe4 17. Bxe4 {1-0 (55) So,W (2788)-Dominguez Perez,L (2739) Saint Louis 2017}) 8... Bxc5 9. Bd3 Bd6 {LiveBook: 3 Games. The position is equal.} 10. Bg5 h6 11. Bxf6 $1 Qxf6 12. e4 $146 {[%cal Be3e4,Be4e5][%mdl 32]} ({Predecessor:} 12. Qe2) 12... O-O 13. O-O Rd8 14. Qe2 Bd7 15. Rfe1 {[#] Strongly threatening e5.} Bc7 16. e5 Qe7 17. Nb3 Bb6 18. Rad1 Qe8 19. Bb1 Kh8 20. Nh2 {[%cal Bf3h2,Bh2g4,Bg4e3,Be3d5][%mdl 32]} Rac8 21. Qd3 {[%csl Gb1][%cal Rd3h7]} Qg8 $1 22. Ng4 Ne7 23. Nd4 $40 {[%mdl 128] White mounts an attack.} Nf5 24. Nxf5 exf5 25. Ne3 g6 $1 26. Nxd5 {aiming for Nf6.} Be6 $1 27. c4 Qf8 {[#]} ({Black should try} 27... Ba5 $14) 28. a3 $1 $16 Qc5 29. Qd2 Kg7 30. Ba2 a6 (30... Qc6 $16 31. Qe2 Qa4) 31. b4 $18 Qf8 32. Qb2 Ba7 33. c5 {White has a decisive advantage.} Bb8 34. f4 Ba7 35. Kh2 {Precision: White = 64%, Black = 48%.} 1-0

[Event "ISR-chT 2018"]
[Site "Israel"]
[Date "2018.02.09"]
[Round "5"]
[White "Roiz, Michael"]
[Black "Zanan, Evgeny"]
[Result "1/2-1/2"]
[WhiteElo "2612"]
[BlackElo "2478"]
[Annotator "TA"]
[PlyCount "41"]
[EventDate "2018.??.??"]
[EventType "team-tourn"]
[EventCountry "ISR"]
[SourceTitle "playchess.com"]
[Source "ChessBase"]
[SourceQuality "1"]

{[%evp 18,41,-4,3,9,8,19,16,7,18,25,29,34,27,25,28,26,15,34,33,49,53,62,25,31,31]} 1. Nf3 Nf6 2. c4 c5 3. Nc3 d5 4. cxd5 Nxd5 5. e3 e6 6. b3 Be7 7. Bb2 O-O 8. Qc2 {A13: English Opening: 1...e6} (8. Nxd5 exd5 9. d4 Qa5+ 10. Qd2 Qxd2+ 11. Kxd2 Nc6 12. dxc5 Bxc5 13. Bb5 Bb4+ 14. Ke2 Be6 15. Rac1 Rac8 {1-0 (55) Carlsen,M (2834)-Giri,A (2752) Wijk aan Zee 2018}) 8... Nc6 9. a3 b6 10. h4 {LiveBook: 4 Games. The position is equal.} f5 11. Nxd5 exd5 12. d4 Be6 13. Rd1 $146 ({Predecessor:} 13. Ng5 Bxg5 14. hxg5 c4 15. g6 hxg6 16. bxc4 {1-0 (86) Cheparinov,I (2689)-Fridman,D (2594) Caleta 2017}) 13... Rc8 14. Ba6 Rc7 {[#] Strongly threatening ...c4!} 15. dxc5 bxc5 16. O-O h6 17. Bc4 Kh8 18. Rd2 Bd6 19. Rfd1 Ne7 $1 20. Be2 Rb7 21. Be5 {Precision: White = 76%, Black = 67%.} 1/2-1/2

[Event "ISR-chT 2018"]
[Site "Israel"]
[Date "2018.02.09"]
[Round "5"]
[White "Zubov, Alexander"]
[Black "Boruchovsky, Avital"]
[Result "1/2-1/2"]
[WhiteElo "2612"]
[BlackElo "2546"]
[Annotator "TA"]
[PlyCount "78"]
[EventDate "2018.??.??"]
[EventType "team-tourn"]
[EventCountry "ISR"]
[SourceTitle "playchess.com"]
[Source "ChessBase"]
[SourceQuality "1"]

{[%evp 23,78,41,34,0,0,-10,-10,-12,-9,-12,0,-20,-21,-16,-20,-18,-20,-18,0,0,0,0,0,-9,-6,-15,-7,-46,-41,-31,-32,-33,-35,-72,-9,-10,-3,-3,-3,-3,-3,-3,-4,-8,-8,-20,0,0,0,0,0,0,0,0,0,0,0]} 1. d4 Nf6 2. c4 e6 3. Nf3 d5 4. Nc3 c6 5. Bg5 h6 6. Bxf6 Qxf6 7. e3 Nd7 8. Bd3 Bd6 9. e4 {D43: Damengambit (Botwinnik-Variante)} dxe4 (9... dxc4 10. e5 Qd8 11. Bxc4 Be7 12. Qe2 Nb6 13. Bd3 Nd5 14. g3 Qa5 15. Rc1 Nxc3 16. bxc3 Bd7 {½-½ (39) Anand,V (2817)-Shirov,A (2709) Leon 2011}) 10. Nxe4 Bb4+ 11. Kf1 Qd8 12. c5 O-O {LiveBook: 3 Partien} 13. g3 e5 14. a3 Ba5 {[#]} 15. Kg2 $146 ({Vorgänger:} 15. dxe5 Qe7 16. Kg2 Nxe5 17. Nxe5 Qxe5 {1-0 (54) Beliavsky,A (2585)-Sveshnikov,E (2535) Sochi 1986}) 15... exd4 16. Bc4 Bc7 17. Qxd4 Ne5 $1 {[#] zielt auf ...Dxd4 ab.} 18. Qxd8 Rxd8 19. Nxe5 Bxe5 20. Rad1 Bf5 21. Nd6 Bxd6 22. cxd6 Rd7 23. Rd2 Kf8 24. f3 Re8 25. g4 Be6 26. Bxe6 Rxe6 $15 {[%mdl 4096] Endspiel KTT-KTT} 27. Rhd1 f5 28. h4 Kf7 (28... fxg4 $17 29. fxg4 Ke8) 29. g5 $11 {Die Stellung ist ausgeglichen.} Kg6 30. gxh6 Kxh6 31. Kg3 g5 32. hxg5+ Kxg5 33. f4+ Kg6 34. Kf3 Kg7 35. Rg2+ Rg6 36. Rg5 Kf6 37. Rh5 Rdg7 38. Rg5 {[#] Und weiter mit d7 wäre nett.} Rd7 $1 39. Rh5 Rdg7 {Precision: Weiß = 68%, Schwarz = 73%.} 1/2-1/2

[Event "ISR-chT 2018"]
[Site "Israel"]
[Date "2018.02.09"]
[Round "5"]
[White "Smirin, Ilia"]
[Black "Gorodetzky, David"]
[Result "0-1"]
[WhiteElo "2604"]
[BlackElo "2418"]
[Annotator "TA"]
[PlyCount "124"]
[EventDate "2018.??.??"]
[EventType "team-tourn"]
[EventCountry "ISR"]
[SourceTitle "playchess.com"]
[Source "ChessBase"]
[SourceQuality "1"]

{[%evp 16,124,5,0,8,0,0,0,4,0,0,0,8,3,7,0,0,0,0,4,5,5,12,22,49,0,0,-43,-28,-34,-39,-90,-42,-108,-71,-76,-61,-151,131,116,174,-60,149,-18,0,0,133,17,13,10,12,-85,-83,-72,-84,-326,-329,-508,-152,-148,-116,-358,-352,-343,-330,-437,-427,-516,-274,-275,-273,-264,-260,-256,-249,-246,-249,-282,-202,-199,-200,-282,-205,-205,-205,-205,-205,-205,-205,-205,-204,-210,-210,-193,-190,-193,-193,-425,-425,-417,-417,-417,-417,-417,-410,-403,-403,-379,-350,-435,-435]} 1. e4 e6 2. d4 d5 3. Nc3 dxe4 4. Nxe4 Nd7 5. Bd3 Ngf6 6. Qe2 c5 7. Nf3 {C10: French with 3 Nc3: Unusual Black 3rd moves and 3...dxe4} (7. Nxc5 Nxc5 8. dxc5 Bxc5 9. Nf3 Qc7 10. O-O O-O {½-½ (10) Stukopin,A (2587)-Nyzhnyk,I (2628) Phoenix 2015}) 7... cxd4 8. Nxf6+ Nxf6 9. O-O {LiveBook: 7 Games. The position is equal.} Bd6 10. Bg5 O-O 11. Rad1 $146 ({Predecessor:} 11. Bxf6 Qxf6 12. Qe4 g6 13. Nxd4 Bd7 14. c3 Rab8 15. Bb5 Bxb5 16. Nxb5 {1-0 (49) Rothebarth,A (2058)-Silvestre,V (1840) Curitiba 2016}) 11... h6 12. Bh4 e5 13. Nxe5 Re8 $1 14. f4 Bg4 $1 {[%cal Rg4e2]} 15. Bh7+ Nxh7 (15... Kxh7 $5 16. Qd3+ $8 Kg8 17. Nxg4 Be7 18. Nxf6+ Bxf6 19. Bxf6 Qxf6 $11) 16. Qxg4 Qc8 17. Qf3 Nf8 18. Kh1 Qf5 19. Qxb7 Rac8 20. Nf3 Bc5 21. b4 Rb8 22. Qa6 Rxb4 23. Ne5 ({Better is} 23. Bf2 $15) 23... Rbb8 24. Qa4 (24. Bf2 $15) 24... Rbc8 25. Rde1 Bb6 26. Nc6 (26. Nd3 $15 Rxe1 27. Rxe1) 26... Qd7 $2 (26... Rxe1 $17 27. Rxe1 Ng6) 27. Re7 $16 Qg4 (27... Qxc6 $16 28. Qxc6 Rxc6 29. Rxe8 f6) 28. Qb3 $2 ({Don't blunder} 28. Nxa7 $2 Rxe7 29. Bxe7 Qe2 $19) (28. Rxe8 Rxe8 29. Bg3 (29. Ne7+ $2 Rxe7 30. Bxe7 Qe2 $19) 29... Qd7 $15) ({Only move:} 28. Qc4 $1 $18 {[%cal Rc4f7]} Kh8 29. Qxf7) 28... Qh5 $2 (28... Ne6 $15 {keeps the upper hand.} 29. Bg3 Rf8) 29. Bg3 $2 ({But not} 29. Nxa7 $2 Bxa7 30. Rxa7 Re2 $19) (29. g4 $1 $16 {[%cal Rg4h5]} Qg6 30. Qd5) 29... Ne6 $40 {[%mdl 128] White needs to defend precisely.} 30. f5 Ng5 (30... Nc5 $11 31. Qd5 Rcd8) 31. Rfe1 (31. f6 $1 $16) 31... Rf8 $11 32. Qd5 Nh7 $1 33. Rb7 (33. Be5 $11 {remains equal.}) 33... Nf6 $17 34. Qb5 Kh7 {Strongly threatening ...Rfe8.} 35. a4 $2 (35. Rbe7 $17 {was forced.}) 35... Rfe8 $19 36. Rf1 (36. Rbe7 $142 Rxe7 37. Nxe7 Rxc2 38. Nd5) 36... Qe2 $2 (36... Ne4 $19 {and Black stays clearly on top.} 37. Bf4 d3 $1 {[%mdl 512]} 38. Rxb6 d2 39. Bxd2 Ng3+ 40. Kg1 Nxf1 41. Qxf1 axb6) 37. Qxe2 $17 Rxe2 38. Nxa7 $2 (38. Nb4 $17) 38... Bxa7 $19 39. Rxa7 Rcxc2 40. Rxf7 d3 41. Rc7 Rxc7 42. Bxc7 {[%mdl 4096] Endgame KRB-KRN} d2 {( -> ...Re1)} 43. Ba5 Ng4 44. Bxd2 Rxd2 {KRN-KR} 45. Ra1 Ne3 46. a5 Nxg2 47. Kg1 Nh4 48. Ra3 (48. a6 $142) 48... Nxf5 {And now ...Rd7 would win.} 49. a6 {White wants to play a7.} Rd8 50. a7 Ra8 51. Ra6 Kg8 52. Kg2 Kf7 {aiming for ...Ke8.} 53. Kh3 h5 54. Kg2 {[#]} Ke7 $1 55. Kf3 Nd6 {White must now prevent ...Nc8.} 56. Kg3 $2 {[#]} (56. Ra1) 56... Nc8 $1 57. Rc6 Kd8 58. Kh4 Rxa7 59. Kxh5 Ra5+ 60. Kg4 Ne7 61. Rc4 Ke8 62. Rf4 Nd5 {Precision: White = 25%, Black = 64%.} 0-1

[Event "ISR-chT 2018"]
[Site "Israel"]
[Date "2018.02.09"]
[Round "5"]
[White "Alterman, Boris"]
[Black "Efimenko, Zahar"]
[Result "1/2-1/2"]
[WhiteElo "2600"]
[BlackElo "2636"]
[Annotator "TA"]
[PlyCount "42"]
[EventDate "2018.??.??"]
[EventType "team-tourn"]
[EventCountry "ISR"]
[SourceTitle "playchess.com"]
[Source "ChessBase"]
[SourceQuality "1"]

{[%evp 19,42,48,40,44,45,55,66,38,38,43,39,50,54,57,68,41,34,16,62,51,73,43,47,0,16]} 1. Nf3 c5 2. c4 g6 3. d4 Bg7 4. e4 Qb6 5. dxc5 Qxc5 6. Be2 Nc6 {A40: Verschiedene (seltene) Antworten auf 1.d4} 7. O-O d6 8. a3 (8. h3 Qb6 9. Qc2 Nd4 10. Nxd4 Bxd4 11. Nd2 Bg7 12. Nb3 Nf6 13. Be3 Qc7 14. Rac1 {½-½ (30) Giri,A (2771)-Ivanchuk,V (2738) Leuven 2017}) 8... Qb6 9. Ra2 Bg4 10. Be3 Qc7 {LiveBook: 4 Partien} 11. b3 $146 ({Vorgänger:} 11. b4 Bxf3 12. Bxf3 a5 13. b5 Ne5 14. Rc2 {0-1 (41) Flumbort,A (2509)-Nevednichy,V (2523) Paks 2007}) 11... Nf6 12. Nc3 {[%cal Bb1c3,Bc3d5,Bd5f4][%mdl 32]} O-O 13. h3 Bxf3 14. Bxf3 Nd7 15. Nd5 Qd8 16. Rd2 $36 {[%mdl 2048] Schwarz steht unter Druck.} Re8 17. Qb1 e6 18. Nf4 Qa5 19. Qc1 Nf6 20. b4 Qc7 21. Nd3 (21. Nd5 $5 exd5 22. cxd5 $14) 21... Rac8 {Precision: Weiß = 48%, Schwarz = 46%.} 1/2-1/2

[Event "ISR-chT 2018"]
[Site "Israel"]
[Date "2018.02.09"]
[Round "5"]
[White "Rechlis, Gad"]
[Black "Zifroni, Dov"]
[Result "0-1"]
[WhiteElo "2541"]
[BlackElo "2443"]
[Annotator "TA"]
[PlyCount "62"]
[EventDate "2018.??.??"]
[EventType "team-tourn"]
[EventCountry "ISR"]
[SourceTitle "playchess.com"]
[Source "ChessBase"]
[SourceQuality "1"]

{[%evp 13,62,14,7,-17,-10,-7,0,-19,0,-12,-17,-57,-65,-262,-270,-255,-245,-264,-269,-272,-271,-266,-242,-255,-260,-259,-255,-264,-271,-264,-271,-268,-261,-386,-380,-335,-257,-465,-442,-433,-456,-478,-489,-484,-482,-616,-609,-681,-674,-764,-758]} 1. e4 e5 2. Nf3 Nf6 3. Nxe5 d6 4. Nf3 Nxe4 5. Nc3 Nxc3 6. dxc3 Be7 7. Be3 O-O {LiveBook: 255 Games} 8. Qd3 {C42: Petroff Defence: 3 Nxe5 and unusual White 3rd moves} (8. Bd3 Nd7 9. Qe2 Nc5 10. Bc4 d5 11. Bd3 Nxd3+ 12. Qxd3 c5 13. h4 h6 14. O-O-O Be6 15. Rdg1 Qa5 {1-0 (53) Ponomariov,R (2694)-Ni,H (2671) Riadh 2017}) 8... Nd7 9. O-O-O c6 10. h4 {The position is equal.} Qa5 11. Bg5 $146 ({Predecessor:} 11. Kb1 Re8 12. Ng5 Nf6 13. Bd4 h6 14. Bxf6 Bxf6 15. Ne4 Be5 {0-1 (24) Ausan,L-Bunyan,H LSS email 2007}) 11... f6 12. Qe4 {Hoping for Bd3.} Rf7 13. Bc4 $2 ({White should play} 13. Bd3 $15 Nf8 14. Bf4) 13... d5 $19 14. Rxd5 cxd5 15. Bxd5 {[#] Black must now prevent Re1.} Nc5 $1 {[%cal Rc5e4]} (15... fxg5 16. Re1 $11 (16. Qf5 Qxd5 17. Qxd5 gxh4 $15)) 16. Qc4 {[#]} ({Much worse is} 16. Qxe7 Nd3+ 17. cxd3 Qxd5 $19) 16... Be6 $1 {[%cal Re6d5][%mdl 512]} 17. Bxe6 Nxe6 18. Qxe6 fxg5 19. Ne5 Raf8 20. hxg5 Bxg5+ 21. Kb1 Qb6 22. Qd5 h6 23. f3 (23. Rf1 $142) 23... Qd8 24. Qb3 Qe7 25. Re1 $2 (25. Nxf7 Rxf7 26. Qb5) 25... Bf6 {Black is clearly winning.} 26. Nd3 Qd7 27. a4 Re8 28. Rd1 Re2 29. g4 Qe6 30. c4 Re3 31. Rf1 Rc7 {Precision: White = 21%, Black = 80%.} 0-1

[Event "ISR-chT 2018"]
[Site "Israel"]
[Date "2018.02.09"]
[Round "5"]
[White "Mikhalevski, Victor"]
[Black "Liss, Eran"]
[Result "1/2-1/2"]
[WhiteElo "2537"]
[BlackElo "2437"]
[Annotator "TA"]
[PlyCount "92"]
[EventDate "2018.??.??"]
[EventType "team-tourn"]
[EventCountry "ISR"]
[SourceTitle "playchess.com"]
[Source "ChessBase"]
[SourceQuality "1"]

{[%evp 13,92,18,42,9,27,-31,4,9,47,50,53,33,40,30,26,27,42,29,35,35,37,31,77,23,8,16,24,20,55,58,113,124,116,118,143,135,162,135,142,142,172,141,133,127,129,139,116,46,38,49,28,0,0,0,0,0,0,0,72,72,90,-57,-54,-52,-46,-68,-66,-70,-70,-70,-73,-73,-73,-77,-68,-77,0,-17,0,-57,0]} 1. Nf3 Nf6 2. c4 c5 3. Nc3 Nc6 4. e3 e5 5. d4 cxd4 6. exd4 e4 7. Ne5 Bd6 {LiveBook: 19 Games. A34: Symmetrical English: 2 Nc3, lines with ...d5} (7... Bb4 8. Be2 O-O 9. O-O Re8 10. Bf4 Bxc3 11. bxc3 Ne7 12. c5 Ned5 13. Bd2 d6 14. cxd6 Qxd6 15. c4 Ne7 16. Bc3 {0-1 (97) Wei,Y (2740)-Adhiban,B (2671) Hoogeveen 2017}) 8. Bf4 {Black must now prevent Nxf7!} Bb8 $146 ({Predecessor:} 8... Qe7 9. Nxc6 dxc6 10. Qd2 O-O 11. Be2 Bg4 12. O-O Bxe2 13. Nxe2 Rad8 14. Rad1 Rfe8 15. Ng3 {½-½ (30) Larsen,B (2486)-Pierrot,J (2430) Buenos Aires 2002}) 9. g4 (9. g3 $11) 9... h6 10. h4 {[%cal Bh2h4,Bh4g5][%mdl 32]} Qe7 {[%cal Rc6e5]} 11. Rg1 Nxe5 12. dxe5 Bxe5 13. Bxe5 Qxe5 14. g5 hxg5 15. hxg5 Nh5 16. Qd5 d6 17. O-O-O ({Much weaker is} 17. Nxe4 Nf4 $15) 17... Bf5 18. Qxd6 (18. Nb5 $16 Qf4+ 19. Qd2) 18... Qxd6 $11 19. Rxd6 Nf4 20. Nxe4 Rh2 21. Rd4 $1 $36 {[%mdl 2048] aiming for Nd6+. White is more active.} Kf8 (21... Bxe4 $14 22. Rxe4+ Ne6) 22. Nd6 $16 Ne6 23. Rd2 Bg6 24. Nxb7 Rb8 25. Nd6 Nc5 26. b3 Ke7 27. Rg3 Rh1 28. Re3+ Kf8 29. Rd1 Rd8 30. b4 (30. Ree1 $16) 30... Rxd6 $1 $14 31. Rxd6 {[%cal Rd6d8]} Rxf1+ 32. Rd1 (32. Kb2 {feels hotter.} Rxf2+ 33. Ka3 Ne6 34. Rd7 Bb1 35. g6) 32... Nd3+ $1 33. Kd2 Rxd1+ 34. Kxd1 Nxb4 35. Ra3 Nd3 {[#]} (35... Nc6 $11 {remains equal.}) 36. Ke2 $1 $16 {[%mdl 1024] White has strong compensation.} Ne5 37. c5 (37. Rxa7 $16 Bd3+ 38. Ke3 Bxc4 39. a4) 37... Nc6 $15 38. Re3 $1 Bf5 39. a3 Be6 40. f4 g6 41. Kd2 Ke7 42. Rd3 Bd7 43. Rd6 Kd8 44. Rf6 {[#]} Ke7 ({Better is} 44... Ke8 $1 $17) 45. Rd6 $11 Kd8 46. Rf6 $1 {[%cal Rf6f7]} Ke7 {Precision: White = 65%, Black = 45%.} ({Black should play} 46... Ke8 $15) 1/2-1/2